Seed science and technology and laboratory manual / (Record no. 8992)
[ view plain ]
| 000 -LEADER | |
|---|---|
| fixed length control field | 00454cam a2200169ua 4500 |
| 020 ## - INTERNATIONAL STANDARD BOOK NUMBER | |
| ISBN | 81-7233-038-3 |
| 041 ## - LANGUAGE CODE | |
| Language code of text/sound track or separate title | eng |
| 082 ## - DEWEY DECIMAL CLASSIFICATION NUMBER | |
| Classification number | 631.521 |
| Item number | MCD/SE |
| 100 ## - MAIN ENTRY--AUTHOR NAME | |
| Personal name | McDonald, M B . |
| 245 ## - TITLE STATEMENT | |
| Title | Seed science and technology and laboratory manual / |
| 260 ## - PUBLICATION, DISTRIBUTION, ETC. (IMPRINT) | |
| Place of publication | Jodhpur : |
| Name of publisher | Scientific Publishers , |
| Year of publication | 1992. |
| 300 ## - PHYSICAL DESCRIPTION | |
| Number of Pages | 232 ; . |
| 700 1# - ADDED ENTRY--PERSONAL NAME | |
| Personal name | Coperland, L O . |
| 942 ## - ADDED ENTRY ELEMENTS (KOHA) | |
| Koha item type | Books |
| Withdrawn status | Lost status | Damaged status | Home library | Current library | Date acquired | Full call number | Accession Number | Koha item type |
|---|---|---|---|---|---|---|---|---|
| KAUAET | KAUAET | 07/04/2012 | 631.521 | 19768 | Reference |
